ALAI entrevista a Pompeyo Marquez (MAS-Venezuela)
Spremljeno u:
| Format: | Tekst |
|---|---|
| Teme: | |
| Oznake: |
Dodaj oznaku
Bez oznaka, Budi prvi tko označuje ovaj zapis!
|
MARC
| LEADER | 00000 a a2200000 04500 | ||
|---|---|---|---|
| 001 | 17915 | ||
| 003 | |||
| 040 | |||
| 245 | |a ALAI entrevista a Pompeyo Marquez (MAS-Venezuela) | ||
| 650 | |a PARTIDOS POLITICOS | ||
| 650 | |a COMUNISTAS | ||
| 650 | |a POLITICA | ||
| 650 | |a BURGUESIA | ||
| 650 | |a VENEZUELA | ||
| 773 | |g volumen 4, número 13; páginas 147-149 | ||
| 999 | |c 31937 |d 31937 | ||
| 773 | 0 | |0 42391 |9 3813 |a Agencia Latinoamericana de Información, ALAI |d Quito, Ecuador: ALAI |o 04315 |t ALAI: |x 08275564 (Servicio mensual de información y documentación) | |
